| 000 | 00732nam a2200241 a 4500 | ||
|---|---|---|---|
| 005 | 20210219152824.0 | ||
| 035 | _aUPN01000062363 | ||
| 100 | _aAVRAMIDIS, Elias | ||
| 222 | _aEDUCATIONAL PSICHOLOGY | ||
| 245 | _aA survey into mainstream teachers' attitudes towards the inclusion of children with special educational needs in the ordinary school in one local education authority | ||
| 260 | _aAustralia | ||
| 300 | _a191-211 | ||
| 362 | _a2000 Vol. 20, no. 2 (jun.) | ||
| 653 | 0 | _aACTITUD | |
| 653 | 0 | _aEDUCACION ESPECIAL | |
| 653 | 0 | _aEDUCACION POPULAR | |
| 653 | 0 | _aMAESTROS | |
| 653 | 0 | _aNIÑOS | |
| 700 | _aBAYLISS, Phil, coaut. | ||
| 700 | _aBURDEN, Robert, coaut. | ||
| 904 |
_aAC _b000174 |
||
| 905 | _aArticulo | ||
| 999 |
_c61684 _d61684 |
||